000 00526pab a2200181 454500
008 180718b2004 xxu||||| |||| 00| 0 eng d
100 _aDavis, Christopher
245 _aPriorities, government institutions and foreign assistance in the fight against HIV/AIDS in Russia
260 _c2004
300 _ap.31-40.
362 _aFeb
650 _aEconomic assistance - Russia
650 _aAIDS - Russia
650 _aAIDS
700 _aDickinson, Ben
773 _aPublic Administration and Development
909 _a60656
999 _c60656
_d60656